Социология в постнеклассической парадигме мышления; Вестник науки Сибири; № 1 (1)
| Parent link: | Вестник науки Сибири: электронный научный журнал/ Томский политехнический университет (ТПУ).— , 2011-.— 2226-0064 № 1 (1).— 2011.— [С. 551-553] |
|---|---|
| Main Author: | |
| Summary: | Заглавие с титульного листа Рассматриваются новые тенденции в развитии науки "социология" в начале XXI в. В частности расширение предмета анализа, преимущественный интерес к изучению социальных процессов, сближение макро- и микросоциологических подходов. Отдельно данные изменения прослеживаются на примере социосинергетики. |
| Language: | Russian |
| Published: |
2011
|
| Series: | Общественные науки |
| Subjects: | |
| Online Access: | http://earchive.tpu.ru/handle/11683/14993 |
| Format: | Electronic Book Chapter |
| KOHA link: | https://koha.lib.tpu.ru/cgi-bin/koha/opac-detail.pl?biblionumber=478059 |
MARC
| LEADER | 00000naa2a2200000 4500 | ||
|---|---|---|---|
| 001 | 478059 | ||
| 005 | 20231101093037.0 | ||
| 035 | |a (RuTPU)RU\TPU\prd\144867 | ||
| 035 | |a RU\TPU\prd\144860 | ||
| 090 | |a 478059 | ||
| 100 | |a 20120626d2011 k y0rusy50 ca | ||
| 101 | 0 | |a rus | |
| 102 | |a RU | ||
| 135 | |a drnn ---uucaa | ||
| 181 | 0 | |a i | |
| 182 | 0 | |a b | |
| 200 | 1 | |a Социология в постнеклассической парадигме мышления |f Н. Н. Мещерякова | |
| 203 | |a Текст |c электронный | ||
| 215 | |a 1 файл (468 Кб) | ||
| 225 | 1 | |a Общественные науки | |
| 230 | |a Электронные текстовые данные (1 файл : 468 Кб) | ||
| 300 | |a Заглавие с титульного листа | ||
| 320 | |a [Библиогр.: с. 553 (8 назв.)] | ||
| 330 | |a Рассматриваются новые тенденции в развитии науки "социология" в начале XXI в. В частности расширение предмета анализа, преимущественный интерес к изучению социальных процессов, сближение макро- и микросоциологических подходов. Отдельно данные изменения прослеживаются на примере социосинергетики. | ||
| 337 | |a Adobe Reader | ||
| 461 | 1 | |0 (RuTPU)RU\TPU\prd\143680 |x 2226-0064 |t Вестник науки Сибири |o электронный научный журнал |f Томский политехнический университет (ТПУ) |d 2011- | |
| 463 | 1 | |0 (RuTPU)RU\TPU\prd\143681 |t № 1 (1) |v [С. 551-553] |d 2011 | |
| 610 | 1 | |a социология | |
| 610 | 1 | |a макросоциология | |
| 610 | 1 | |a микросоциология | |
| 610 | 1 | |a постнеклассическая наука | |
| 610 | 1 | |a социосинергетика | |
| 610 | 1 | |a труды учёных ТПУ | |
| 610 | 1 | |a электронный ресурс | |
| 675 | |a 316.2 |v 3 | ||
| 700 | 1 | |a Мещерякова |b Н. Н. |c историк, социолог |c доцент Томского политехнического университета, кандидат исторических наук |f 1972- |g Наталья Николаевна |2 stltpush |3 (RuTPU)RU\TPU\pers\29685 | |
| 801 | 1 | |a RU |b 63413507 |c 20090623 |g PSBO | |
| 801 | 2 | |a RU |b 63413507 |c 20180116 |g PSBO | |
| 856 | 4 | |u http://earchive.tpu.ru/handle/11683/14993 | |
| 942 | |c BK | ||